Towards A multilingual Culture of Education/ (Record no. 9175)
[ view plain ]
| 000 -LEADER | |
|---|---|
| fixed length control field | 00582nam a22001937a 4500 |
| 003 - CONTROL NUMBER IDENTIFIER | |
| control field | OSt |
| 005 - DATE AND TIME OF LATEST TRANSACTION | |
| control field | 20240712153955.0 |
| 008 - FIXED-LENGTH DATA ELEMENTS--GENERAL INFORMATION | |
| fixed length control field | 240712b |||||||| |||| 00| 0 eng d |
| 020 ## - INTERNATIONAL STANDARD BOOK NUMBER | |
| International Standard Book Number | 9282011313 |
| 040 ## - CATALOGING SOURCE | |
| Original cataloging agency | DDC |
| Transcribing agency | MUST |
| 082 ## - DEWEY DECIMAL CLASSIFICATION NUMBER | |
| Classification number | 306.43 TOW 2003 |
| 100 ## - MAIN ENTRY--PERSONAL NAME | |
| Personal name | Edited by Adama Ouane |
| 9 (RLIN) | 18715 |
| 245 ## - TITLE STATEMENT | |
| Title | Towards A multilingual Culture of Education/ |
| Statement of responsibility, etc. | Edited by Adama Ouane |
| 260 ## - PUBLICATION, DISTRIBUTION, ETC. (IMPRINT) | |
| Place of publication, distribution, etc. | Germany: |
| Name of publisher, distributor, etc. | UNESCO Institute for Education; |
| Date of publication, distribution, etc. | 2003. |
| 300 ## - PHYSICAL DESCRIPTION | |
| Extent | iv,469p.: |
| Other physical details | ill,; |
| Dimensions | 21cm |
| 504 ## - BIBLIOGRAPHY, ETC. NOTE | |
| Bibliography, etc | Includes Bibliographical Appendices |
| 650 ## - SUBJECT ADDED ENTRY--TOPICAL TERM | |
| Topical term or geographic name as entry element | Education |
| 9 (RLIN) | 1404 |
| 942 ## - ADDED ENTRY ELEMENTS (KOHA) | |
| Source of classification or shelving scheme | Dewey Decimal Classification |
| Koha item type | Open Shelf |
| Withdrawn status | Lost status | Source of classification or shelving scheme | Damaged status | Not for loan | Home library | Current library | Source of acquisition | Inventory number | Total Checkouts | Full call number | Barcode | Date last seen | Koha item type |
|---|---|---|---|---|---|---|---|---|---|---|---|---|---|
| Dewey Decimal Classification | MUST Main Library | MUST Main Library | Donation | 14/38740 | 306.43 TOW 2003 | 2024-21954 | 12/07/2024 | Open Shelf |
